Flora do Espírito Santo: Primulaceae (Registro n. 331681)
[ somente texto ]
| 000 -LÍDER | |
|---|---|
| fixed length control field | 03840nab a2200301 i 4500 |
| 003 - CÓDIGO MARC DA AGÊNCIA CATALOGADORA | |
| Campo de controle | BR-BrBNA |
| 005 - DATA E HORA DA ÚLTIMA ATUALIZAÇÃO | |
| Campo de controle | 20250523111807.0 |
| 008 - CAMPO DE TAMANHO FIXO | |
| fixed length control field | 250523b2017 bl.qr|pooa||| 00| 0 por | |
| 040 ## - FONTE DA CATALOGAÇÃO | |
| Agência catalogadora | BR-BrBNA |
| Idioma da catalogação | por |
| 072 ## - CATEGORIA AGRIS | |
| Código AGRIS | F70 |
| 100 ## - ENTRADA PRINCIPAL - NOME PESSOAL | |
| Nome pessoal | Carrijo, Tatiana T. |
| 100 ## - ENTRADA PRINCIPAL - NOME PESSOAL | |
| Nome pessoal | Tuler, Amélia C. |
| 100 ## - ENTRADA PRINCIPAL - NOME PESSOAL | |
| Nome pessoal | Luber, Jaquelini |
| 100 ## - ENTRADA PRINCIPAL - NOME PESSOAL | |
| Nome pessoal | Costa, Rondinelle G. da |
| 100 ## - ENTRADA PRINCIPAL - NOME PESSOAL | |
| Nome pessoal | Santos, Matheus C. dos |
| 100 ## - ENTRADA PRINCIPAL - NOME PESSOAL | |
| Nome pessoal | Paschoa, Roberta P. da |
| 100 ## - ENTRADA PRINCIPAL - NOME PESSOAL | |
| Nome pessoal | Freitas, Maria de Fátima |
| 245 ## - TÍTULO PRINCIPAL | |
| Título principal | Flora do Espírito Santo: Primulaceae |
| 500 ## - NOTA GERAL | |
| Nota geral | Publicação on-line; Bibliography p. 1855-1856 (54 ref.); 7 illus.; Summaries (En, Pt) |
| 942 ## - ADDED ENTRY ELEMENTS (KOHA) | |
| Koha item type | Analítica |
| 520 ## - NOTA DE RESUMO | |
| Nota de conteúdo | <br/><br/>Resumo<br/><br/>Este estudo apresenta a flora de Primulaceae no estado do Espírito Santo. O estudo foi baseado em identificações<br/>de materiais de herbários e esforço de campo em áreas pobremente coletadas. Primulaceae no Espírito Santo está<br/>representada por espécies pertencentes à Ardisia (1 sp.), Clavija (2 spp.), Cybianthus (10 spp.), Jacquinia (1 sp.),<br/>Lysimachia L. (1 sp.), Myrsine (14 spp.) e Stylogyne (2 spp.). Ardisia semicrenata, Cybianthus blanchetii, C.<br/>oboavatus, Myrsine balansae, M. leuconeura, M. hermogenesii, M. lineata, M. villosissima, Stylogyne lhotzkyana e <br/>S. warmingii são novos registros para o estado. Gêneros e espécies foram diferenciados pelo hábito, filotaxia,<br/>tipo de inflorescências e morfologia frutos. Cybianthus amplus, Jacquinia armillaris e Myrsine parvifolia<br/>ocorrem exclusivamente em vegetação de Restinga. Stylogyne lhotzkyana foi registrada pela primeira vez em<br/>vegetação de Restinga, sendo sua distribuição geográfica ampliada para o norte do Espírito Santo. A maior parte<br/>das espécies ocorre em florestas ombrófilas e semideciduais da região serrana do estado. No entanto, as matas<br/>ciliares, os brejos e os afloramentos rochosos abrigam espécies restritas a estes ambientes, como M. leuconeura,<br/>M. rubra e M. villosissima.<br/><br/>Palavras-chave: Floresta Atlântica, Myrsinaceae, Rapanea, riqueza.<br/><br/><br/><br/><br/><br/>Abstract<br/><br/>This study presents the flora of Primulaceae in the state of Espírito Santo. The study was based on material<br/>identification from herbaria collections and field work in poorly collected areas. Primulaceae in Espírito Santo<br/>is represented by species belonging to Ardisia (1 sp.), Clavija (2 spp.), Cybianthus (10 spp.), Jacquinia (1 sp.),<br/>Lysimachia L. (1 sp.), Myrsine (14 spp.), and Stylogyne (2 spp.). Ardisia semicrenata, Cybianthus blanchetii,<br/>C. oboavatus, Myrsine balansae, M. leuconeura, Myrsine hermogenesii, M. lineata, M. villosissima, Stylogyne<br/>lhotskyana, and S. warmingii are new records for the state. Genus and species were differentiated by habit,<br/>phyllotaxy, type of inflorescences and fruit morphology. Cybianthus amplus, Jacquinia armillaris, and Myrsine<br/>parvifolia are the only species that occur exclusively in Restinga vegetation. Stylogyne lhotzkyana was collected<br/>in Restinga vegetation for the first time, and its geographic distribution was expanded to the north of the Espírito<br/>Santo. Most species occur in rainforests and semideciduous forests of the mountainous region of the state.<br/>However, riparian forests, swamps and rocky outcrops shelter species that were recorded exclusively for these<br/>environments, as M. leuconeura, M. rubra,and M. villosissima.<br/><br/>Key words: Atlantic Forest, Myrsinaceae, Rapanea, richness. |
| 650 ## - ASSUNTO - THESAGRO | |
| Cabeçalho tópico ou nome geográfico | FLORESTA ATLÂNTICA |
| 650 ## - ASSUNTO - THESAGRO | |
| Cabeçalho tópico ou nome geográfico | PRIMULACEAE |
| 650 ## - ASSUNTO - THESAGRO | |
| Cabeçalho tópico ou nome geográfico | TAXONOMIA |
| 773 0# - ENTRADA ANALÍTICA | |
| Host Biblionumber | 709 |
| Registro do item | 350577 |
| Imprenta | Rio de Janeiro-RJ Jardim Botanico do Rio de Janeiro 1935 |
| Outro identificador | 2025-3195 |
| Título | Rodriguésia (Brazil) |
| ISSN | 0370-6583; 2175-7860 on-line |
| Colação | v. 68(5) p. 1829-1856; (2017) |
| Número de controle de registro | BR2025001240 |
| 856 ## - ACESSO E ENDEREÇO ELETRÔNICO | |
| Identificador uniforme de recurso - URI | https://www.scielo.br/j/rod/a/M7B9h3tWJjZW5rTnbyHWGyd/?format=pdf&lang=pt |
Nenhum exemplar disponível.

BINAGRI